#Taiwan all station of Taoyuan airport MRT - Statistics

General Stats
  • This quiz has been taken 14 times
  • The average score is 18 of 23
Answer Stats
Hint Answer % Correct
A18 Taoyuan HSR Station transfer station to Taiwan HSR
100%
A14a Airport Hotel Airport
92%
A12 Airport Terminal 1 Airport
92%
A13 Airport Terminal 2 Airport
92%
A8 Chang Gung Memorial Hospital a huge hospital
92%
A11 Kengkou
92%
A9 Linkou
92%
A3 New Taipei Industrial Park transfer station to New Taipei MRT circular line
92%
A2 Sanchong transfer station to Taipei MRT Orange line
92%
A1 Taipei Main Station transfer station to Taipei MRT blue and red line、HSR、Taiwan railway
92%
A7 National Taiwan Sport University
83%
A10 Shanbi
83%
A15 Dayuan
75%
A22 Laojie River Current terminal station, just open in July 31, 2023
75%
A5 Taishan
75%
A6 Taishan-Guihe
75%
A19 Taoyuan Sports Park
75%
A4 Xinzhuang Fuduxin
75%
A16 Hengshan
67%
A21 Huangbei
67%
A17 Linghang
67%
A20 Xingnan
67%
A23 Zhongli Station(not finished yet)
33%
No matching quizzes found
Score Distribution
Percent of People with Each Score
Percentile by Number Answered
Your Score History
You have not taken this quiz